| 000 | 02277nam a22002297a 4500 | ||
|---|---|---|---|
| 005 | 20211021091535.0 | ||
| 008 | 211021b ||||| |||| 00| 0 eng d | ||
| 020 | _a0670999296 | ||
| 040 | _cAL | ||
| 041 | _aeng | ||
| 082 |
_223 _a320.954 _bJALI |
||
| 100 |
_aBimal Jalan _91418 |
||
| 245 | _aIndia's Politics: A View From the Backbench | ||
| 260 |
_aNew Delhi _bViking _c2007 |
||
| 300 |
_axii,244p. _bHB _c22x14cm |
||
| 365 |
_b350.00 _c₹ _d350.00 |
||
| 520 | _aAn insider's account of how politics is practised in India, and to what effect? In India's Politics: A View from the Backbench, Bimal Jalan, ex-Governor of the Reserve Bank of India and best-selling author of The Future of India, turns his gaze to the complex mechanics of the political system in the country. As a member of Parliament, Bimal Jalan has watched the workings of India's politics closely. While there is much to be proud of in India's achievements as a vibrant democracy, there are some areas of concern which require attention. In particular, Jalan finds that the emergence of multi-party coalitions as a regular form of government-and their relatively short life expectancy at birth-has brought about a sea change in political dynamics. The search for power and the compulsions of coalition politics are increasingly the primary drivers of political behaviour in India today.??This development, combined with the need to cope with global terrorism, lawlessness and economic disparities during a period of high growth, calls for some urgent reforms in the working of India's vital political institutions.? Jalan puts forward a ten-point programme to make India's parliamentary democracy more stable, transparent and accountable. According to him, constant vigilance is indeed the price of liberty and if some of the emerging trends are not reversed, India's democracy 'by the people' could become more and more oligarchic-'of the few and for the few'. India's Politics is one of the most important studies of India's political system to have been written. This paperback edition features a new Preface by the author on emerging political trends. | ||
| 650 |
_aPolitical Science _91419 |
||
| 650 |
_aPolitics and Government _91420 |
||
| 700 |
_aJALAN (Bimal) _91421 |
||
| 942 |
_2ddc _cGF |
||
| 999 |
_c216628 _d216628 |
||